000 00589nam a2200181Ia 4500
008 100920s9999 xx 000 0 und d
082 _b24645
_a61 थ 71
100 _aपारगावकर वि. शं.
245 _aअंतरिता.
260 _bइनामदार बंधु प्रकाशन, पुणे.
_c1971
300 _a252
_bसाधी
365 _b10
520 _aस्थानिक वाचन.
630 _aअंतरिता.
650 _aस्थानिक वाचन.
730 _aअंतरिता.
942 _cBOOK
999 _c682945
_d682942